000 00359nam a2200121Ia 4500
008 220120s9999||||xx |||||||||||||| ||und||
020 _a9788131732342
100 _aFoley, James, B Dam Van, Andries. Etal
_91234
245 0 _aComputer graphics
260 _aPearson education asia
_bNoida
_c2006
300 _a709
_b415
650 _aELECTRONICS AND COMMUNICATIONS
999 _c132460
_d132460